000 00506nam a2200181Ia 4500
005 20250326142840.0
008 250326s9999 xx 000 0 und d
037 _aTextbook
040 _aFMSL
_beng
_cFMSL
041 _aeng
_2eng
084 _aX:89ZBx M4
_qFMSL
100 _aBardhan P K
_9246976
245 0 _aLand labour and rural poverty
_cBardhan P K
260 _aBombay
_bBombay, Oxford University
_c1984
300 _a261p
942 _cTB
_hX:89ZBx M4
999 _c1296922
_d1296922